Library of the University of Algiers 3
Ibrahim Sultan Cheibout
شعار جامعة الجزائر 3
مكتبة جامعة الجزائر 3
إبراهيم سلطان شيبوط

الأوارق التجارية والإفلاس وفقا لقانون التجارة الجديد رقم 17 لسنة 1999 / (رقم التسجيلة. 45688)

تفاصيل مارك
000 -LEADER
fixed length control field 01706nam a2200229Ia 4500
003 - CONTROL NUMBER IDENTIFIER
control field Ost
005 - DATE AND TIME OF LATEST TRANSACTION
control field 20260507075655.0
008 - FIXED-LENGTH DATA ELEMENTS--GENERAL INFORMATION
fixed length control field 260507s9999||||xx |||||||||||||| ||und||
040 ## - CATALOGING SOURCE
Transcribing agency fsecg
041 ## - LANGUAGE CODE
Language code of text/sound track or separate title ara
082 ## - DEWEY DECIMAL CLASSIFICATION NUMBER
Classification number 346.07
100 ## - MAIN ENTRY--PERSONAL NAME
Personal name البارودي، علي
Relator term مؤلف
245 #0 - TITLE STATEMENT
Title الأوارق التجارية والإفلاس وفقا لقانون التجارة الجديد رقم 17 لسنة 1999 /
Statement of responsibility, etc. علي البارودي
260 ## - PUBLICATION, DISTRIBUTION, ETC.
Place of publication, distribution, etc. الاسكندرية:
Name of publisher, distributor, etc. الدار الجامعية الجديدة,
Date of publication, distribution, etc. 2004
300 ## - PHYSICAL DESCRIPTION
Extent 332 صفحة؛
Other physical details إيضاحات ؛
Dimensions 24 سم
520 ## - SUMMARY, ETC.
Summary, etc. التعريف بالأوراق التجارية وأنواعها ووظائفها، الأسس التي تقوم عليها قواعد قانون الصرف، تشريع الأوراق التجارية، انشاء الكمبيالة، تداول الكمبيالة، تداول الكمبيالة، ضمانات الوفاء بالكمبيالة، الوفاء بالكمبيالة، السقوط والتقادم، أثر التعامل بالكمبيالة، السقوط والتقادم، أثر التعامل بالكمبيالة في الدين الأصلي، السند الأدنى (أو للأمر)، الافلاس، تفادي التاجر للتاجر لشهر افلاسه، شهر الافلاس، الآثار المترتبة على حكم الافلاس، الآثار المترتبة على حكم الافلاس، مصير التفليسة.
653 ## - INDEX TERM--UNCONTROLLED
Uncontrolled term الافلاس
653 ## - INDEX TERM--UNCONTROLLED
Uncontrolled term الأوراق التجارية- الإفلاس
653 ## - INDEX TERM--UNCONTROLLED
Uncontrolled term الأوراق النقدية
700 ## - ADDED ENTRY--PERSONAL NAME
Personal name لعريني، محمد فريد
Relator term مؤلف ثانوي
942 ## - ADDED ENTRY ELEMENTS (KOHA)
Koha item type كتب
المقتنيات
Withdrawn status Lost status Source of classification or shelving scheme Damaged status Not for loan Home library Current library Date acquired Serial enumeration / chronology Inventory number Total checkouts Full call number Barcode Date last seen Price effective from Koha item type
    Library of Congress Classification   NOT LOAN / إعارة داخلية مكتبة كلية العلوم الإقتصادية والعلوم التجارية وعلوم التسيير مكتبة كلية العلوم الإقتصادية والعلوم التجارية وعلوم التسيير 07/05/2026 الطابق الأرضي 025.21/164   أ/1820ن03 025.21/164 07/05/2026 07/05/2026 كتب
    Dewey Decimal Classification   Available مكتبة كلية العلوم الإقتصادية والعلوم التجارية وعلوم التسيير مكتبة كلية العلوم الإقتصادية والعلوم التجارية وعلوم التسيير 07/05/2026 الطابق الأرضي 1820/1   أ/1820ن1 1820/1 07/05/2026 07/05/2026 كتب
    Dewey Decimal Classification   Available مكتبة كلية العلوم الإقتصادية والعلوم التجارية وعلوم التسيير مكتبة كلية العلوم الإقتصادية والعلوم التجارية وعلوم التسيير 07/05/2026 الطابق الأرضي 1820/2   أ/1820ن2 1820/2 07/05/2026 07/05/2026 كتب
    Dewey Decimal Classification   Available مكتبة كلية العلوم الإقتصادية والعلوم التجارية وعلوم التسيير مكتبة كلية العلوم الإقتصادية والعلوم التجارية وعلوم التسيير 07/05/2026 الطابق الثاني 1820/3   أ/1820ن3 1820/3 07/05/2026 07/05/2026 كتب

موارد الويب المفتوحة


© University of Algiers 3 All Rights Reserved
|
Implemented by LECHELAH Riad